Ruby's slippers / (Record no. 2643)

MARC details
000 -LEADER
fixed length control field 01231cam a22003377a 4500
001 - CONTROL NUMBER
control field 2643
003 - CONTROL NUMBER IDENTIFIER
control field FISKH
005 - DATE AND TIME OF LATEST TRANSACTION
control field 20240108115920.0
008 - FIXED-LENGTH DATA ELEMENTS--GENERAL INFORMATION
fixed length control field 110112s2010 nyu c 000 1 eng d
010 ## - LIBRARY OF CONGRESS CONTROL NUMBER
LC control number 2010284311
020 ## - INTERNATIONAL STANDARD BOOK NUMBER
International Standard Book Number 9781416987017 (pbk.)
020 ## - INTERNATIONAL STANDARD BOOK NUMBER
International Standard Book Number 9780545318990
020 ## - INTERNATIONAL STANDARD BOOK NUMBER
International Standard Book Number 1416987010 (pbk.)
035 ## - SYSTEM CONTROL NUMBER
System control number (OCoLC)ocn419814288
040 ## - CATALOGING SOURCE
Original cataloging agency BTCTA
Transcribing agency BTCTA
Modifying agency ZHB
-- OCO
-- JST
-- B2A
-- DLC
Language of cataloging eng
042 ## - AUTHENTICATION CODE
Authentication code lccopycat
050 00 - LIBRARY OF CONGRESS CALL NUMBER
Classification number PZ7.R2103
Item number Ru 2010
082 ## - DEWEY DECIMAL CLASSIFICATION NUMBER
Classification number 310
100 1# - MAIN ENTRY--PERSONAL NAME
Personal name Rayburn, Tricia.
245 10 - TITLE STATEMENT
Title Ruby's slippers /
Statement of responsibility, etc. Tricia Rayburn.
250 ## - EDITION STATEMENT
Edition statement First Scholastic printing, November 2010
260 ## - PUBLICATION, DISTRIBUTION, ETC.
Place of publication, distribution, etc. New York :
Name of publisher, distributor, etc. Scholastic,
Date of publication, distribution, etc. 2010
300 ## - PHYSICAL DESCRIPTION
Extent 340 pages ;
Dimensions 20 cm.
520 ## - SUMMARY, ETC.
Summary, etc. Up until this point, Ruby Lee's slippers have been a pair of red Converse sneakers. But everything changes dramatically when her mother uproots the family and moves them to Florida to care for Ruby's grandmother.
650 #0 - SUBJECT ADDED ENTRY--TOPICAL TERM
Topical term or geographic name entry element Middle school students
Form subdivision Juvenile fiction.
650 #0 - SUBJECT ADDED ENTRY--TOPICAL TERM
Topical term or geographic name entry element Middle schools
Form subdivision Juvenile fiction.
650 #0 - SUBJECT ADDED ENTRY--TOPICAL TERM
Topical term or geographic name entry element Self-confidence
Form subdivision Juvenile fiction.
650 #0 - SUBJECT ADDED ENTRY--TOPICAL TERM
Topical term or geographic name entry element Interpersonal relations
Form subdivision Juvenile fiction.
906 ## - LOCAL DATA ELEMENT F, LDF (RLIN)
a 7
b cbc
c copycat
d 2
e ncip
f 20
g y-gencatlg
942 ## - ADDED ENTRY ELEMENTS (KOHA)
Source of classification or shelving scheme Dewey Decimal Classification
Koha item type Books
Suppress in OPAC No
Holdings
Withdrawn status Lost status Source of classification or shelving scheme Damaged status Not for loan Collection Home library Current library Shelving location Date acquired Total Checkouts Full call number Barcode Date last seen Price effective from Koha item type
    Dewey Decimal Classification     Fiction Footprints International School Library Network Toul Kork Campus Footprints International School Library Network Toul Kork Campus   01/08/2024   RAY Fic PZ7.R2103 FISSE02159 01/08/2024 01/08/2024 Books